000
00291nam a2200157Ia 4500
100
_a
Louys/ Pierre
650
_a
General
942
_c
BK
654
_a
Aphrodite
245
_a
Aphrodite
260
_b
none
082
_a
808.8
_b
LOU
300
_a
236
546
_a
ENGLISH
999
_c
18275
_d
18275